LEADER 01335nam a2200289 a 4500 001 000000117674 003 CaOOAMICUS 005 20091028115807.0 008 091028t2009 it u000 u ita r 020 $a978-88-6081-554-5 040 $aPUL$bita$dReb 100 1 $aModugno, Alessandra.$0(OLS)http://pul/name/73440 245 10$aInteriorità e trascendenza :$bla lezione di Sciacca per il terzo millennio /$cAlessandra Modugno. 260 $aRoma :$bArmando Editore,$c©2009 . 300 $a127 p. ;$c21 cm. 490 1 $aScaffale aperto.$aFilosofia 504 $aBibliografia in nota. 600 14$aSciacca, Michele Federico,$d1908-1975$xCritica e interpretazione.$0(OLS)http://pul/subject/7858 650 4$aMetafisica.$0(OLS)http://pul/subject/433 650 4$aFilosofia$ySec. XX.$0(OLS)http://pul/subject/1924 830 0$aScaffale aperto.$pFilosofia.$0(OLS)http://pul/title/65783 850 $aPUL 852 $aPUL$W1$xSL Filosofia 3$y81$m141. 3 MODAL 1$j135041$qDDC 21$B134011$CPULBib$Z2$F134011 $H111403 $82 941 1 $a9 996 $6020$a978-88-6081-554-5$9(OLS)http://pul/number/142203 996 $6245$aInteriorità e trascendenza :$bla lezione di Sciacca per il terzo millennio$9(OLS)http://pul/title/148114 996 $6260$aRoma :$bArmando Editore$9(OLS)http://pul/publisher/53653 LEADER 01026nam a2200265 a 4500 001 000000142366 003 CaOOAMICUS 005 20150318105011.0 008 150318s2000 it aef u000 u ita r 020 $a88-15-07344-2 040 $aPUL$bita 100 1 $aCardini, Franco,$d1940-$0(OLS)http://pul/name/5528 245 10$aCastel del Monte /$cFranco Cardini. 260 $aBologna :$bIl Mulino,$c©2000. 300 $a137 p., [4] c. di tav. :$bill., piante ;$c21 cm 490 1 $aIdentità italiana ;$v17 651 4$aCastel del Monte.$0(OLS)http://pul/subject/41436 830 0$aIdentità italiana ;$v17.$0(OLS)http://pul/title/166842 850 $aPUL 852 $aPUL$W1$xDP1 Fondo Capitani$y116$m10 E 3$j43700$qFondi$B164413$CPULBib$Z2$F164413 $HCap2125 $82 941 1 $a1 996 $6020$a88-15-07344-2$9(OLS)http://pul/number/157222 996 $6245$aCastel del Monte$9(OLS)http://pul/title/180194 996 $6260$aBologna :$bIl Mulino$9(OLS)http://pul/publisher/47928